000 01097nam0a22002771 4500
001 v19\rc\1983170
005 20251118181211.7
035 _a(NLR Aleph) 005066081
090 _a7046486
_c7046486
100 _a20080623d1914 u y0rusy50 ca
101 0 _arus
102 _aRU
105 _ak z |||||
200 1 _aСборник вопросов с ответами на них по обязанностям весовщиков и перевозке грузов и багажа по железным дорогам
_fСост. ст. ревизор Службы движения Юж. ж. д. А.Г. Рыжевский
205 _aНеофиц. изд.
210 _aХарьков
_cт-во "Печатня С.П. Яковлева"
_d1914
215 _a[2], X, 448, 14 с., 2 л. бланк.
_d26
700 1 _aРыжевский
_bА.Г.
_gАндрей Георгиевич
_4220
801 0 _aRU
_bNLR
_gpsbo
801 0 _aRU
_bRuMoRGB
_2psbo
801 1 _aRU
_bProSoft-M
_2rusmarc
852 _aNLR
_j37.39.5.46
899 _aRuMoRGB
_jV 36/62
899 _aБАН
942 _cBOOK
980 _aNB